[Event "1st Livingston Chess Congress"]
[Site "Livingston, England"]
[Date "2016.01.31"]
[Round "4.14"]
[White "McGillivray, Calum"]
[Black "Robinson, Stephen"]
[Result "1-0"]
[WhiteElo "1649"]
[BlackElo "1839"]
[PlyCount "70"]
[EventDate "2016.??.??"]
[WhiteClock "0:38:58"]
[BlackClock "0:33:43"]

1. e4 e6 2. d4 d5 3. exd5 exd5 4. Bf4 Nf6 5. Bd3 Nc6 6. c3 Bd6 7. Bxd6 Qxd6 8.
Nf3 Bg4 9. Nbd2 O-O 10. O-O Rae8 11. Qc2 Re7 12. Rae1 Rfe8 13. Rxe7 Rxe7 14.
Re1 Rxe1+ 15. Nxe1 Qe6 16. Nef3 Bxf3 17. Nxf3 Ne4 18. h3 g6 19. a3 Nd6 20. b3
f5 21. g3 Kg7 22. Kg2 Ne4 23. Nd2 Nd6 24. f4 Qe1 25. Nf3 Qa1 26. a4 Ne4 27. c4
Nb4 28. Qb1 Qc3 29. Bxe4 dxe4 30. Ng5 Qd2+ 31. Kg1 Qe3+ 32. Kg2 Qe2+ 33. Kg1
Nd3 34. d5 Ne1 35. Qa1+ Kg8 1-0

[Event "1st Livingston Chess Congress"]
[Site "Livingston, England"]
[Date "2016.01.31"]
[Round "4.15"]
[White "Ridge, Michael"]
[Black "Campbell, Duncan A F"]
[Result "1-0"]
[WhiteElo "1927"]
[BlackElo "1955"]
[PlyCount "56"]
[EventDate "2016.??.??"]
[WhiteClock "0:09:40"]
[BlackClock "0:47:21"]

1. Nf3 f5 2. d3 Nf6 3. e4 fxe4 4. dxe4 Nxe4 5. Bd3 Nf6 6. Ng5 e5 7. Bxh7 Bb4+
8. c3 Rxh7 9. Nxh7 Bc5 10. Nxf6+ Qxf6 11. O-O d5 12. Qxd5 Bd6 13. Nd2 Nc6 14.
Ne4 Qg6 15. Nxd6+ cxd6 16. Qf3 Bf5 17. Qg3 Qh7 18. Bg5 Kd7 19. Rad1 Re8 20. b4
Re6 21. b5 Ne7 22. Bxe7 Kxe7 23. b6 a6 24. Qg5+ Ke8 25. f4 Rg6 26. Qxf5 Rxg2+
27. Kxg2 Qxf5 28. fxe5 Qg4+ 1-0

[Event "1st Livingston Chess Congress"]
[Site "Livingston, England"]
[Date "2016.01.31"]
[Round "5.1"]
[White "Lauridsen, Jesper Morch"]
[Black "Greet, Andrew N"]
[Result "0-1"]
[WhiteElo "2320"]
[BlackElo "2441"]
[PlyCount "134"]
[EventDate "2016.??.??"]
[WhiteClock "0:01:56"]
[BlackClock "0:02:57"]

1. e4 e6 2. d4 d5 3. exd5 exd5 4. Nf3 Bd6 5. c4 Nf6 6. Bg5 O-O 7. cxd5 Nbd7 8.
Be2 Be7 9. Nc3 Nb6 10. Bxf6 Bxf6 11. Qb3 a5 12. a4 Re8 13. O-O Qd6 14. Nb5 Qd7
15. Rac1 c6 16. dxc6 bxc6 17. Nc3 Rb8 18. Qc2 g6 19. Ne4 Bg7 20. Ne5 Qxd4 21.
Nxc6 Qxe4 22. Qxe4 Rxe4 23. Bf3 Rxa4 24. Nxb8 Bxb2 25. Rb1 Ra2 26. Nc6 Kg7 27.
Be4 Bb7 28. Rfe1 Bxc6 29. Bxc6 Bd4 30. Rf1 Rc2 31. Be4 Rd2 32. Rfd1 Bxf2+ 33.
Kf1 Rxd1+ 34. Rxd1 Bc5 35. Rc1 Bd4 36. Rc7 Be5 37. Rc5 Bxh2 38. Rxa5 Nc4 39.
Ra2 h5 40. Kf2 h4 41. Bd5 Bg3+ 42. Ke2 Nd6 43. Kf3 Kf6 44. Ra7 g5 45. Ra8 Ke5
46. Bb3 f5 47. Ra5+ Kf6 48. Bc2 g4+ 49. Ke2 Be5 50. Ra8 Kg5 51. Ra4 Nb5 52. Kf2
Nd4 53. Bd3 Kf4 54. Ba6 Bf6 55. Bb7 Kg5 56. Ra8 Nb5 57. Bc6 Nd6 58. Bd5 Bd4+
59. Kf1 Kf4 60. Ra4 Ke5 61. Bc6 Ne4 62. Ba8 Ng3+ 63. Ke1 h3 64. gxh3 gxh3 65.
Bb7 h2 66. Ra5+ Kf4 67. Ra4 Ne4 0-1

[Event "1st Livingston Chess Congress"]
[Site "Livingston, England"]
[Date "2016.01.31"]
[Round "5.2"]
[White "Sanchez, Botella Luis Javier"]
[Black "Bhopal, Raj"]
[Result "1-0"]
[WhiteElo "2265"]
[BlackElo "2002"]
[PlyCount "71"]
[EventDate "2016.??.??"]
[WhiteClock "0:48:33"]
[BlackClock "0:00:36"]

1. Nf3 Nf6 2. d4 e6 3. c4 d5 4. Nc3 Be7 5. Bg5 O-O 6. e3 c6 7. Qc2 h6 8. h4
Nbd7 9. Ne5 Nxe5 10. dxe5 Nd7 11. Bf4 a6 12. g4 b5 13. cxb5 axb5 14. g5 h5 15.
g6 f6 16. Bh3 Nxe5 17. Bxe5 fxe5 18. Qe2 Bxh4 19. Qxh5 Rxf2 20. Qh7+ Kf8 21.
Qh8+ Ke7 22. Qxh4+ Rf6 23. O-O-O c5 24. Rhf1 Qf8 25. Qh7 b4 26. Rxf6 Qxf6 27.
Rf1 bxc3 28. Rxf6 cxb2+ 29. Kxb2 Kxf6 30. Qg8 c4 31. Bxe6 Rxa2+ 32. Kxa2 Bxe6
33. Qe8 c3 34. Kb1 Bf5+ 35. Kc1 Bxg6 36. Qc6+ {Bf5} 1-0

[Event "1st Livingston Chess Congress"]
[Site "Livingston, England"]
[Date "2016.01.31"]
[Round "5.3"]
[White "Gray, Euan"]
[Black "Frew, Elliot"]
[Result "0-1"]
[WhiteElo "1698"]
[BlackElo "2111"]
[PlyCount "74"]
[EventDate "2016.??.??"]
[WhiteClock "0:03:56"]
[BlackClock "0:25:35"]

1. d4 d5 2. c4 e6 3. Nc3 c6 4. e3 Nf6 5. Nf3 Nbd7 6. Bd3 dxc4 7. Bxc4 b5 8. Bd3
Bb7 9. O-O a6 10. Qe2 c5 11. Rd1 cxd4 12. exd4 Be7 13. Ne5 O-O 14. Bf4 Nb6 15.
a3 Rc8 16. Bb1 Nbd5 17. Nxd5 Qxd5 18. f3 Qd8 19. Qd3 g6 20. Bh6 Re8 21. f4 Be4
22. Qh3 Bxb1 23. Raxb1 Nd5 24. g4 Bf6 25. Qg3 Rc2 26. Rd3 Qc7 27. f5 Bxe5 28.
dxe5 Qc5+ 29. Kf1 exf5 30. gxf5 Rxe5 31. b4 Rxf5+ 32. Ke1 Qc8 33. Rbd1 Qe8+ 34.
Be3 Re5 35. Rxd5 Rxe3+ 36. Kf1 Rxg3 37. Rd8 Rf3+ 0-1

[Event "1st Livingston Chess Congress"]
[Site "Livingston, England"]
[Date "2016.01.31"]
[Round "5.4"]
[White "Archibong, Ubong S"]
[Black "Orr, Mark J L"]
[Result "1-0"]
[WhiteElo "2026"]
[BlackElo "2222"]
[PlyCount "79"]
[EventDate "2016.??.??"]
[WhiteClock "0:46:31"]
[BlackClock "0:01:05"]

1. e4 c6 2. d4 d5 3. e5 Bf5 4. g4 Bd7 5. Bd3 Qc8 6. h3 Na6 7. a3 h5 8. gxh5 Bf5
9. Qf3 Bxd3 10. cxd3 Nh6 11. Bxh6 Rxh6 12. Ne2 e6 13. Nbc3 Qd7 14. Rg1 O-O-O
15. O-O-O Kb8 16. Kb1 c5 17. Ka2 Rc8 18. Rc1 b6 19. b3 f6 20. Qf4 Ka8 21. exf6
Rxf6 22. Qe3 Qf7 23. dxc5 bxc5 24. Rg6 Rxf2 25. Kb1 Rb8 26. Rc2 Rxb3+ 27. Ka2
c4 28. dxc4 Rxa3+ 29. Kb2 Qb7+ 30. Kc1 Rf1+ 31. Kd2 Nc5 32. Nd4 Ne4+ 33. Ke2
Rf2+ 34. Qxf2 Nxf2 35. Rxe6 Qf7 36. Nxd5 Nxh3 37. Re8+ Kb7 38. Rb2+ Ka6 39.
Re6+ Ka5 40. Rb5+ 1-0

[Event "1st Livingston Chess Congress"]
[Site "Livingston, England"]
[Date "2016.01.31"]
[Round "5.5"]
[White "Thomson, Neil"]
[Black "Abdulla, Murad"]
[Result "1-0"]
[WhiteElo "1962"]
[BlackElo "1977"]
[PlyCount "155"]
[EventDate "2016.??.??"]
[WhiteClock "0:02:51"]
[BlackClock "0:15:29"]

1. e4 c5 2. Nf3 Nc6 3. d4 cxd4 4. Nxd4 g6 5. c4 Nf6 6. Nc3 d6 7. Nc2 Bg7 8. Be2
O-O 9. O-O Bd7 10. Be3 a6 11. f4 Rb8 12. a4 Qa5 13. c5 Nb4 14. Na3 Bc6 15. Nc4
Qc7 16. cxd6 exd6 17. Bb6 Qe7 18. Qxd6 Qxd6 19. Nxd6 Nd7 20. Bf2 Bf6 21. e5 Be7
22. Nce4 f6 23. Bg3 Nc2 24. Rac1 Ne3 25. Rfe1 Nf5 26. Nxf5 gxf5 27. Nd6 fxe5
28. fxe5 f4 29. Bc4+ Kg7 30. Bf2 Nxe5 31. Rxe5 Bxd6 32. Re6 Rfd8 33. Bd4+ Kf8
34. Rf6+ Ke8 35. Re1+ Kd7 36. Be6+ Kc7 37. Rf7+ Rd7 38. Bxd7 Bxd7 39. Rc1+ Kd8
40. Rxh7 Bxa4 41. Bf6+ Ke8 42. Re1+ Kf8 43. Be5 Bc5+ 44. Kh1 Re8 45. Rh8+ Kf7
46. Rxe8 Bxe8 47. Bxf4 Bc6 48. Be3 Bd6 49. Rf1+ Kg6 50. Bd4 Be7 51. Kg1 b5 52.
Re1 Kf7 53. Kf2 a5 54. g3 b4 55. Re5 a4 56. Bc5 Bf6 57. Re2 a3 58. bxa3 b3 59.
Re1 Bc3 60. Rb1 b2 61. Ke3 Bd7 62. Bd4 Bf5 63. Rxb2 Bxb2 64. Bxb2 Bd7 65. Kf4
Kg6 66. g4 Bc6 67. h4 Kh6 68. Bc1 Bd7 69. h5 Ba4 70. Kf5+ Kg7 71. g5 Bc2+ 72.
Ke6 Bd1 73. Bb2+ Kh7 74. h6 Bc2 75. Kf6 Bd3 76. a4 Bc2 77. a5 Bd3 78. Bd4 1-0

[Event "1st Livingston Chess Congress"]
[Site "Livingston, England"]
[Date "2016.01.31"]
[Round "5.6"]
[White "Dabos, - Doukas Ioannis"]
[Black "Walker, Duncan"]
[Result "1/2-1/2"]
[WhiteElo "1674"]
[BlackElo "1929"]
[PlyCount "108"]
[EventDate "2016.??.??"]
[WhiteClock "0:03:19"]
[BlackClock "0:07:30"]

1. d4 e6 2. Nf3 c5 3. e3 Nc6 4. b3 cxd4 5. exd4 Bb4+ 6. Bd2 Bxd2+ 7. Qxd2 Nf6
8. Bd3 d5 9. O-O O-O 10. Re1 Qd6 11. c3 h6 12. Qe2 b6 13. Nbd2 Bb7 14. Rac1
Rad8 15. Ne5 Nd7 16. f4 Ndxe5 17. fxe5 Qe7 18. Qh5 Qg5 19. Qxg5 hxg5 20. Nf3 g4
21. Ng5 Bc8 22. Rf1 Ne7 23. Rf4 Nf5 24. Rxg4 f6 25. exf6 Rxf6 26. Re1 Rdf8 27.
c4 Nh6 28. Rg3 Rf2 29. Nxe6 Bxe6 30. Rxe6 Rxa2 31. h3 dxc4 32. Bxc4 Kh8 33.
Rge3 Rff2 34. Re2 Rfxe2 35. Rxe2 Rxe2 36. Bxe2 Nf5 37. d5 Kg8 38. b4 a5 39.
bxa5 bxa5 40. Bb5 Kf8 41. Kf2 Ke7 42. g4 Nd4 43. Bc4 a4 44. Ke3 Nc2+ 45. Ke4
Kd6 46. h4 Kc5 47. Kd3 Ne1+ 48. Kc3 Ng2 49. h5 Nf4 50. d6 Kxd6 51. Kb4 Ke7 52.
Kxa4 Kf6 53. Ba6 Kg5 54. Bc8 Nxh5 1/2-1/2

[Event "1st Livingston Chess Congress"]
[Site "Livingston, England"]
[Date "2016.01.31"]
[Round "5.7"]
[White "Neave, George"]
[Black "Will, Douglas"]
[Result "1/2-1/2"]
[WhiteElo "2163"]
[BlackElo "1960"]
[PlyCount "27"]
[EventDate "2016.??.??"]

1. e4 e5 2. Nf3 Nc6 3. Bb5 f5 4. d3 fxe4 5. dxe4 Nf6 6. O-O Bc5 7. Qd3 d6 8.
Qc4 Qe7 9. Nc3 a6 10. Ba4 Rb8 11. Bxc6+ bxc6 12. a3 Qe6 13. Qe2 O-O 14. Na4
1/2-1/2

[Event "1st Livingston Chess Congress"]
[Site "Livingston, England"]
[Date "2016.01.31"]
[Round "5.8"]
[White "Robertson, Ian C"]
[Black "Smith, Callum"]
[Result "1-0"]
[WhiteElo "2151"]
[BlackElo "1626"]
[PlyCount "83"]
[EventDate "2016.??.??"]
[WhiteClock "0:16:54"]
[BlackClock "0:45:17"]

1. c4 c6 2. Nc3 d5 3. cxd5 cxd5 4. d4 Nc6 5. Nf3 Nf6 6. e3 Bf5 7. Bb5 a6 8.
Bxc6+ bxc6 9. O-O e6 10. Ne5 Qb6 11. g4 Bg6 12. h4 h6 13. Nxg6 fxg6 14. g5 hxg5
15. hxg5 Qc7 16. f4 Nh5 17. Kg2 Bd6 18. Qd3 Qf7 19. Na4 Qf5 20. Qxf5 gxf5 21.
Bd2 g6 22. Rac1 Rc8 23. Rc2 c5 24. Bb4 Rh7 25. Bxc5 Rhc7 26. Rc3 Bxc5 27. Nxc5
Ke7 28. Rfc1 Rb8 29. R1c2 Rb6 30. Nd3 Rxc3 31. Rxc3 Rb7 32. Rc6 Ra7 33. Nc5 Ng7
34. Rxa6 Rxa6 35. Nxa6 Kd6 36. Nc5 Ne8 37. Nd3 Nc7 38. Ne5 Na6 39. Nxg6 Nb4 40.
Ne5 Ke7 41. a4 Nc2 42. Kf2 1-0

[Event "1st Livingston Chess Congress"]
[Site "Livingston, England"]
[Date "2016.01.31"]
[Round "5.9"]
[White "Groves, Carey"]
[Black "Wilson, Ewan"]
[Result "0-1"]
[WhiteElo "1982"]
[BlackElo "1951"]
[PlyCount "72"]
[EventDate "2016.??.??"]
[WhiteClock "0:35:10"]
[BlackClock "0:27:22"]

1. d4 Nf6 2. c4 e6 3. Nc3 Bb4 4. Qc2 O-O 5. Bg5 d5 6. e3 c5 7. dxc5 Nbd7 8. a3
Qa5 9. Bxf6 Nxf6 10. Bd3 Bxc3+ 11. Qxc3 Qxc3+ 12. bxc3 dxc4 13. Bxc4 Bd7 14.
Rb1 Rfc8 15. Ne2 Rxc5 16. Bd3 Bc6 17. O-O Rd8 18. Rfd1 Kf8 19. Bc2 Rc8 20. h3
Nd5 21. c4 Rxc4 22. Bb3 Rc5 23. Rbc1 Bb5 24. Rxc5 Rxc5 25. Nd4 Nc3 26. Re1 Bc4
27. Bxc4 Rxc4 28. Kf1 Ne4 29. f3 Nc5 30. Nb5 a6 31. Nd6 Rc3 32. a4 Ke7 33. Nc8+
Kd7 34. Nb6+ Kc7 35. a5 Nb3 36. Na4 Rc2 0-1

[Event "1st Livingston Chess Congress"]
[Site "Livingston, England"]
[Date "2016.01.31"]
[Round "5.10"]
[White "Robinson, Stephen"]
[Black "Pannwitz, Kai"]
[Result "0-1"]
[WhiteElo "1838"]
[BlackElo "1786"]
[PlyCount "78"]
[EventDate "2016.??.??"]

1. Nc3 d5 2. d4 Nf6 3. Bg5 Nbd7 4. Nf3 h6 5. Bf4 c6 6. Qd3 g6 7. h3 Bg7 8. g4
Qb6 9. O-O-O a5 10. Bg2 a4 11. Rhe1 a3 12. b3 Ra5 13. Ne5 Nf8 14. f3 Ne6 15.
Bg3 O-O 16. f4 Rd8 17. e3 Qa6 18. Qd2 Qa7 19. Bf3 Bd7 20. h4 c5 21. Nxd5 Nxd5
22. Bxd5 cxd4 23. Bxe6 Bxe6 24. Qb4 Rc8 25. Rxd4 Rac5 26. c4 b5 27. Red1 bxc4
28. Rd8+ Rxd8 29. Rxd8+ Kh7 30. Nxc4 Rxc4+ 31. bxc4 Qxe3+ 32. Qd2 Qxg3 33. Rd3
Bb2+ 34. Kc2 Qxg4 35. Kb3 Qf5 36. Kb4 Qe4 37. Qc2 Bf5 38. Qb3 Qxd3 39. c5 Qxb3+
0-1

[Event "1st Livingston Chess Congress"]
[Site "Livingston, England"]
[Date "2016.01.31"]
[Round "5.11"]
[White "McLean, Ian"]
[Black "Koehn, Lennart"]
[Result "1/2-1/2"]
[WhiteElo "1946"]
[BlackElo "1905"]
[PlyCount "99"]
[EventDate "2016.??.??"]

1. c4 Nf6 2. g3 c5 3. Bg2 g6 4. Nf3 Bg7 5. O-O O-O 6. Nc3 Nc6 7. a3 d5 8. cxd5
Nxd5 9. Qc2 Nxc3 10. dxc3 Qc7 11. e4 h6 12. Bf4 Qb6 13. Be3 Qa5 14. Nd2 Be6 15.
f4 f5 16. e5 Rac8 17. b4 cxb4 18. axb4 Qc7 19. Qb2 a6 20. Rfc1 g5 21. b5 axb5
22. Qxb5 gxf4 23. gxf4 Qd7 24. Rab1 Rb8 25. Rd1 Qe8 26. Nb3 Bxb3 27. Qxb3+ Kh8
28. Qe6 Nd8 29. Qd7 Qf7 30. Bc5 Re8 31. Qc7 Ne6 32. Qb6 Nxf4 33. Bd4 Nxg2 34.
Kxg2 Qd5+ 35. Kf2 e6 36. Re1 Rg8 37. Rb5 Qc6 38. Reb1 Rgc8 39. Qxc6 Rxc6 40.
Rxb7 Rxb7 41. Rxb7 Kh7 42. Kf3 Kg6 43. Kf4 h5 44. Rb6 Rxb6 45. Bxb6 Bh6+ 46.
Kf3 Kf7 47. Bc5 Ke8 48. Be3 Bg7 49. Bf4 Kd7 50. Ke3 1/2-1/2

[Event "1st Livingston Chess Congress"]
[Site "Livingston, England"]
[Date "2016.01.31"]
[Round "5.12"]
[White "McGeoch, Kenny R"]
[Black "Giulian, Rosemary A"]
[Result "1/2-1/2"]
[WhiteElo "1946"]
[BlackElo "1868"]
[PlyCount "79"]
[EventDate "2016.??.??"]
[WhiteClock "0:48:41"]
[BlackClock "0:05:35"]

1. c4 e5 2. g3 Nc6 3. Nc3 Bc5 4. Nf3 a6 5. Bg2 d6 6. O-O Nge7 7. a3 Ba7 8. b4
O-O 9. Bb2 h6 10. h3 Be6 11. d3 Rb8 12. Rc1 Qd7 13. Kh2 f5 14. e4 f4 15. Nd5
fxg3+ 16. fxg3 Rf7 17. d4 exd4 18. Nxd4 Rxf1 19. Bxf1 Rf8 20. Nf3 Ng6 21. Bg2
Rf7 22. Rc2 Qe8 23. c5 dxc5 24. bxc5 Qf8 25. Nd4 Nxd4 26. Qxd4 c6 27. Ne3 Bb8
28. Nc4 Bxc4 29. Qxc4 Kh8 30. Rd2 Ne5 31. Bxe5 Bxe5 32. Rd8 Qxd8 33. Qxf7 Qg5
34. Qf3 Qf6 35. Qg4 Qf2 36. h4 Qxc5 37. Qc8+ Kh7 38. Qf5+ Kh8 39. Qc8+ Kh7 40.
Qf5+ 1/2-1/2

[Event "1st Livingston Chess Congress"]
[Site "Livingston, England"]
[Date "2016.01.31"]
[Round "5.13"]
[White "McGillivray, Calum"]
[Black "Ridge, Michael"]
[Result "1/2-1/2"]
[WhiteElo "1649"]
[BlackElo "1921"]
[PlyCount "84"]
[EventDate "2016.??.??"]
[WhiteClock "0:37:26"]
[BlackClock "0:02:53"]

1. e4 c5 2. f4 d5 3. exd5 Nf6 4. Nf3 Nxd5 5. d3 g6 6. Be2 Bg7 7. c3 Nc6 8. O-O
O-O 9. Na3 a6 10. Nc2 Qc7 11. g3 Rd8 12. Ne3 b6 13. Qb3 Be6 14. Nxd5 Bxd5 15.
Qc2 Rac8 16. Be3 e6 17. a3 Ne7 18. Rad1 Qb7 19. c4 Nf5 20. Bc1 Nd4 21. Nxd4
Bxd4+ 22. Rf2 Bc6 23. Kf1 Qd7 24. Bf3 Bxf2 25. Kxf2 Bxf3 26. Kxf3 h5 27. Be3 e5
28. fxe5 Qf5+ 29. Kg2 Qxe5 30. Bf4 Qe6 31. Rf1 Qc6+ 32. Kh3 Qd7+ 33. Kg2 Qxd3
34. Qf2 Qxc4 35. Bh6 Re8 36. Qf6 Re2+ 37. Kh1 Qd5+ 38. Rf3 Re1+ 39. Kg2 Re2+
40. Kh1 Qd1+ 41. Rf1 Qd5+ 42. Rf3 Re1+ 1/2-1/2